Špecifiká oceňovania stavebných prác pri obnove a rekonštrukciách budov

Bibliographic Details
Main Author: Mesároš, František, 1948- (Author)
Other Authors: Kozlovská, Mária (Reviewer)
Format: Article
Language:Slovak
ISSN:1335-1249
Subjects:

MARC

LEADER 00000nab a2200000 a 4500
001 vtls009174245
003 SK-MaSNL
005 20260426085617.0
008 250507c2007 xo zr|p|||||||000 b|slo
015 |a SNBRB2008/01  |2 snkbucl 
035 |a (uuid)967d1bb7-445a-481c-9144-32f199ea40f2 
035 |a urn:nbn:sk:snk-abadfz 
035 |a (urnnbn)urn:nbn:sk:snk:ar-008e5c 
038 |a SNKBUCL 
040 |a SNKBUCL  |b slo  |c SNKBUCL  |e AACR2 
041 0 |a slo 
044 |a xo  |c SK 
080 |a 69.059.3:657.31  |x (437.6)  |2 2001 
100 1 |a Mesároš, František,  |d 1948-  |4 aut  |9 207204 
245 1 0 |a Špecifiká oceňovania stavebných prác pri obnove a rekonštrukciách budov  |c František Mesároš ; recenzent Mária Kozlovská 
650 0 7 |a rekonštrukcie stavieb  |2 snkbucl  |9 74886 
650 0 7 |a stavebné práce  |2 snkbucl  |9 68050 
650 0 7 |a oceňovanie  |2 snkbucl  |9 277339 
651 7 |a Slovensko  |2 snkbucl  |9 14231 
700 1 |a Kozlovská, Mária  |4 rev  |9 11151 
773 0 |t Eurostav  |g Roč. 13, č. 7 (2007), s. 76-77  |x 1335-1249 
850 |a Slovenská národná knižnica 
852 |a Slovenská národná knižnica 
954 |a odborná, vedecká literatúra pôvodná (slovenská)  |2 lita 
958 |a article14 
958 |a OND 
958 |a SK 
958 |a EUIPO 
999 |c 2968039  |d 2969969